Statistics for Bahrain... or Qatar?

Click here to take the quiz!

General Stats

  • This quiz has been taken 96 times
  • The average score is 10 of 18

Answer Stats

QuestionAnswer% Correct
Is larger in area?Qatar
94%
Has Arabic as an official language?Both
92%
Has an airport?Both
86%
Is an island country?Bahrain
82%
Its capital is also its largest city.Both
63%
Uses the dinar as its currency?Bahrain
61%
Has a higher population density?Bahrain
59%
Is home to the Museum of Islamic Art?Qatar
58%
Which picture is of Bahrain?
57%
Which picture is of Qatar?
52%
Is home to the Al Zubarah Fort?Qatar
52%
Has the national animal of the Arabian oryx?Qatar
51%
Gets more rainfall?Bahrain
47%
Has a higher percentage of Islamic population?Bahrain
46%
Its demonym ends with 'i'?Both
44%
Is home to the Abraj Al Bait Clock Tower?Neither
44%
Its flag has the colors of red and white separated by a zig zag.Both
34%
Uses the Consultative Assembly as its legislature?Qatar
25%

Score Distribution

Percentile by Number Answered

Percent of People with Each Score

Your Score History

You have not taken this quiz